Role of UPASI in rubber plantation development (Record no. 67224)

MARC details
000 -LEADER
fixed length control field 00340nam a2200133Ia 4500
100 ## - MAIN ENTRY--AUTHOR NAME
Personal name Reeny Joseph
245 #0 - TITLE STATEMENT
Title Role of UPASI in rubber plantation development
260 ## - PUBLICATION, DISTRIBUTION, ETC. (IMPRINT)
Name of publisher Planters Chronicle
Year of publication 2002
300 ## - PHYSICAL DESCRIPTION
Number of Pages 494-495
650 ## - SUBJECT ADDED ENTRY--TOPICAL TERM
Topical Term Rubber plantation
650 ## - SUBJECT ADDED ENTRY--TOPICAL TERM
Topical Term UPASI
942 ## - ADDED ENTRY ELEMENTS (KOHA)
Koha item type Journals
Holdings
Withdrawn status Lost status Damaged status Not for loan Home library Current library Shelving location Date acquired Serial Enumeration / chronology Koha item type
      Journals RRII Library RRII Library Rubber general 01/01/2021 Volume 98, Issue 12 Journals